[Event "Top 12 FRA-chT 2017"]
[Site "Chartres"]
[Date "2017.05.19"]
[Round "2"]
[White "Guerlin Dit De Guer, Clarisse"]
[Black "Choisy, Mathilde"]
[Result "0-1"]
[WhiteElo "1278"]
[BlackElo "2153"]
[Annotator "NA"]
[PlyCount "50"]
[EventDate "2017.??.??"]
[EventType "team-tourn"]
[EventCountry "FRA"]
[SourceTitle "playchess.com"]
[Source "ChessBase"]
[SourceQuality "1"]
[WhiteTeam "Montpellier"]
[BlackTeam "Mulhouse Philidor"]
[TimeControl "40/5400+30:1800+30"]

1. e4 {[%emt 0:00:00]} c5 {[%emt 0:00:05]} 2. Nf3 {[%emt 0:00:00]} e6 {[%emt 0:00:07]} 3. d4 {[%emt 0:00:18]} cxd4 {[%emt 0:00:08]} 4. Qxd4 {[%emt 0:00:46]} Nc6 {[%emt 0:00:18]} 5. Qd1 {[%emt 0:02:17]} Nf6 {[%emt 0:01:31]} 6. Nc3 {[%emt 0:00:14]} Qc7 {[%emt 0:02:04]} 7. g3 {[%emt 0:09:18]} Bb4 {[%emt 0:01:38]} 8. Bd2 {[%emt 0:00:19]} a6 {[%emt 0:01:31]} 9. Bg2 {[%emt 0:03:08]} O-O {[%emt 0:00:18]} 10. O-O {[%emt 0:00:09]} Bxc3 {[%emt 0:02:06]} 11. Bxc3 {[%emt 0:04:46]} Nxe4 {[%emt 0:03:46]} 12. Nd4 {[%emt 0:02:14]} (12. Be1 $15) 12... Nxc3 {[%emt 0:01:03]} 13. bxc3 {[%emt 0:05:18]} d5 $17 {[%emt 0:00:21]} (13... Ne7 $19 14. Rb1 d5) 14. Qg4 {[%emt 0:08:34]} Nxd4 {[%emt 0:01:29]} 15. cxd4 {[%emt 0:00:07]} Bd7 {[%emt 0:01:34]} 16. Rac1 {[%emt 0:04:31]} Rac8 {[%emt 0:00:40]} 17. c3 {[%emt 0:03:32]} Bb5 {[%emt 0:04:25]} 18. Rfe1 {[%emt 0:02:18]} Qa5 {[%emt 0:00:41]} 19. Re3 {[%emt 0:13:12]} Qxa2 {[%emt 0:01:40]} 20. Rce1 {[%emt 0:01:38]} Qb2 {[%emt 0:01:44]} 21. f4 {[%emt 0:02:45]} Rxc3 {[%emt 0:01:45]} 22. Qe2 {[%emt 0:08:15]} Bxe2 {[%emt 0:00:12]} 23. R1xe2 {[%emt 0:00:04]} Qc1+ {[%emt 0:00:38]} 24. Kf2 {[%emt 0:00:11]} Rxe3 {[%emt 0:00:10]} 25. Rxe3 {[%emt 0:00:20]} Rc8 {[%emt 0:00:12]} 0-1

[Event "Top 12 FRA-chT 2017"]
[Site "Chartres"]
[Date "2017.05.20"]
[Round "3"]
[White "Wojtaszek, Radoslaw"]
[Black "Colin, Vincent"]
[Result "1-0"]
[WhiteElo "2734"]
[BlackElo "2381"]
[Annotator "TA"]
[PlyCount "73"]
[EventDate "2017.??.??"]
[EventType "team-tourn"]
[EventCountry "FRA"]
[SourceTitle "playchess.com"]
[Source "ChessBase"]
[SourceQuality "1"]
[WhiteTeam "Clichy"]
[BlackTeam "Lisieux"]

{[%evp 9,73,87,75,62,68,67,77,71,76,85,70,28,25,11,59,57,79,43,75,64,149,137,130,132,143,115,164,122,153,159,152,122,119,110,128,122,131,112,213,215,253,252,268,292,269,185,282,271,403,327,324,313,521,513,659,430,686,683,699,661,1018,1013,1106,1041,1710,1579]} 1. d4 d5 2. Nf3 Bf5 3. c4 Bxb1 4. Rxb1 c6 5. e3 e6 {LiveBook: 3 Games} 6. Bd3 {D06: Queen's Gambit: Symmetrical and Baltic Defences} Nd7 7. O-O Ngf6 8. b4 {[%cal Bb2b4,Bb4b5][%mdl 32] White is better.} dxc4 $146 ({Predecessor:} 8... a6 9. a4 Bd6 10. c5 Bc7 11. Qc2 O-O 12. Bb2 {½-½ (41) Cebalo,M (2453)-Sveshnikov,E (2541) Bled 1999}) 9. Bxc4 Bd6 10. b5 c5 11. Bb2 $36 {[%mdl 2048] White has the initiative.} Qc7 12. Rc1 O-O 13. Qe2 e5 14. dxc5 Bxc5 (14... Nxc5 $14 15. Nh4 g6) 15. Rfd1 b6 16. h3 Rae8 17. Nd2 Re7 18. Nb3 Kh8 19. Qc2 Qb8 20. Nxc5 Nxc5 21. Ba3 Rc8 22. Qf5 Kg8 23. Bd5 Rd8 (23... e4 $16) 24. Bc6 $18 Re6 25. Bxc5 Rxd1+ 26. Rxd1 bxc5 27. Qd3 Kf8 (27... g6 $142 28. Qa3 c4) 28. a4 {[%cal Ba2a4,Ba4a5,Ba5b6,Bb6b7][%mdl 32]} e4 (28... Qc7 $142 29. Qc3 h6 30. Qxc5+ Kg8) 29. Qa3 Re5 30. a5 g5 $2 (30... Qc7 {was necessary.} 31. Qb2 Re7) 31. Qc3 {White is clearly winning.} Kg7 32. g3 Kg6 {[#]} (32... g4 $142 33. hxg4 Nxg4) 33. b6 $1 {[%mdl 512]} axb6 34. axb6 Nh5 35. Kg2 Ng7 36. b7 Nf5 37. Ra1 {Precision: White = 68%, Black = 23%.} 1-0

[Event "Top 12 FRA-chT 2017"]
[Site "Chartres"]
[Date "2017.05.20"]
[Round "3"]
[White "Jobava, Baadur"]
[Black "Brochet, Philippe"]
[Result "1/2-1/2"]
[WhiteElo "2713"]
[BlackElo "2409"]
[Annotator "TA"]
[PlyCount "86"]
[EventDate "2017.??.??"]
[EventType "team-tourn"]
[EventCountry "FRA"]
[SourceTitle "playchess.com"]
[Source "ChessBase"]
[SourceQuality "1"]
[WhiteTeam "Tremblay-En-France"]
[BlackTeam "Montpellier"]

{[%evp 9,86,-11,-10,-11,-15,-14,22,18,25,21,65,6,40,-80,-61,-59,-63,-117,-30,-163,-132,-107,-119,-292,-302,-292,-296,-318,-283,-291,-110,-209,-236,-189,-214,-204,-212,-210,-213,-273,-239,-265,-98,-202,-152,-157,-159,-142,-145,-354,-209,-350,-354,-387,-386,-347,0,-222,-233,-226,-208,-211,-139,-157,-141,-127,0,-134,-125,-122,0,0,0,0,0,0,0,0,0]} 1. b3 e5 2. Bb2 Nc6 3. e3 Nf6 4. Bb5 Bd6 5. Na3 e4 6. Nc4 {A01: Nimzowitsch-Larsen Opening} Be7 7. Bxc6 dxc6 (7... bxc6 8. Ne2 O-O 9. O-O a5 10. d3 a4 11. Ng3 d5 12. Ne5 Qe8 13. dxe4 Nxe4 {½-½ (30) Rapport,R (2702)-Karjakin,S (2785) Wijk aan Zee 2017}) 8. Ne2 h5 9. h3 $146 ({Predecessor:} 9. d3 h4 10. dxe4 Qxd1+ 11. Rxd1 Nxe4 12. f3 Nd6 13. Ne5 {1-0 (42) Chernyshov,K (2552)-Saric,A (2483) Pardubice 2011}) 9... Bf5 10. a4 ({White should play} 10. O-O $14) 10... h4 11. Nf4 (11. O-O $14) 11... g5 $17 12. Ne2 Qd5 13. a5 (13. Nd4 $15) 13... O-O-O (13... a6 $1 $17) 14. Be5 (14. O-O $11) 14... Rhg8 {[%cal Bh8g8,Bg8g4,Bg4g2][%mdl 32]} 15. Nd4 Bd7 16. Bh2 $2 (16. Ne2 $17) 16... g4 $1 $19 17. hxg4 Rxg4 (17... Bxg4 18. Qc1 $19) 18. Qe2 Rxg2 19. Qf1 Bh3 $2 (19... h3 $19 {and Black stays clearly on top. ...Nh5 is the strong threat.} 20. O-O-O Nh5) 20. Bxc7 (20. Bf4 $17 Rh2 21. Qg1) 20... Rdg8 $1 ({Don't play} 20... Kxc7 21. Rxh3 Rdg8 22. O-O-O $15) 21. O-O-O {[#]} Rh2 $1 {[%mdl 512]} 22. Qe1 (22. Bxh2 Bxf1) 22... Rxh1 23. Qxh1 {[#] Strongly threatening Bb6.} Bg4 $1 ({Worse is} 23... Kxc7 24. Qh2+ Kc8 25. Qxh3+ Ng4 26. Rg1 $11) 24. Qh2 {Black must now prevent Rg1.} Bxd1 $40 {[%mdl 128] Black attacks with force.} 25. Bb6 {[%csl Gb6][%cal Rh2c7]} Bd8 $2 (25... Qd7 $19 {has better winning chances.} 26. Bxa7 Qc7 27. Qxh4 Bg4) 26. Bxd8 (26. Bxa7 $17 c5 27. Qb8+ Kd7 28. Ne5+ Ke8 29. Nb5) 26... Rxd8 27. Qxh4 {[#]} Bxc2 $1 28. Kxc2 Nd7 29. a6 $2 (29. Qe7 $17 {is a better defense.}) 29... bxa6 (29... b5 $142 30. Na3 c5 31. Ndxb5 Ne5) 30. Kd1 (30. Qh6 $142 Ne5 31. Nxe5 Qxe5 32. Qxc6+ Qc7 33. Qc3) 30... Nb6 31. Qe7 Rd7 32. Qe8+ Rd8 33. Qe7 $1 Nxc4 34. bxc4 Qxc4 {aiming for ...c5.} 35. Qxa7 Rxd4 36. exd4 {[%mdl 4096] Endgame KQ-KQ} Qb3+ 37. Kc1 Qc4+ 38. Kd1 Qf1+ 39. Kc2 Qxf2 (39... Qd3+ $17 40. Kc1 Qa3+ 41. Kd1 f6 42. Qa8+ Kc7 43. Qa7+ Kd6) 40. Qxa6+ $11 {The position is equal.} Kd8 (40... Kc7 $5 {[%cal Rf2d4]} 41. Qa7+ Kc8 $11) 41. Qb6+ Kd7 42. Qa7+ Ke8 43. Qb8+ Kd7 {Precision: White = 32%, Black = 52%.} 1/2-1/2

[Event "Top 12 FRA-chT 2017"]
[Site "Chartres"]
[Date "2017.05.20"]
[Round "3"]
[White "Rodshtein, Maxim"]
[Black "Bachmann, Axel"]
[Result "1/2-1/2"]
[WhiteElo "2698"]
[BlackElo "2646"]
[Annotator "TA"]
[PlyCount "117"]
[EventDate "2017.??.??"]
[EventType "team-tourn"]
[EventCountry "FRA"]
[SourceTitle "playchess.com"]
[Source "ChessBase"]
[SourceQuality "1"]
[WhiteTeam "Bischwiller"]
[BlackTeam "Bois-Colombes"]

{[%evp 18,117,25,14,37,33,39,29,34,50,41,46,37,34,57,26,34,20,22,31,37,23,19,11,22,21,54,24,47,45,51,34,84,58,55,32,78,35,41,7,14,-23,-29,-38,0,0,0,0,8,6,10,6,222,214,226,229,249,182,180,178,247,246,233,216,270,258,241,165,230,222,238,235,225,139,234,216,335,336,333,323,326,163,197,197,167,175,148,124,151,154,154,154,156,141,130,29,25,14,20,16,12,0]} 1. d4 Nf6 2. c4 e6 3. Nf3 Bb4+ 4. Nbd2 O-O 5. a3 Be7 6. e4 d6 {E11: Bogo-Indian} 7. Be2 (7. Bd3 Nbd7 8. b4 e5 9. d5 a5 10. Rb1 axb4 11. axb4 c6 12. O-O cxd5 13. cxd5 Nb6 14. Nb3 Nbxd5 15. exd5 {0-1 (48) Nakamura,H (2779)-Caruana,F (2823) Saint Louis 2016}) 7... Nbd7 8. O-O e5 9. b4 exd4 10. Nxd4 {LiveBook: 4 Games} Re8 11. f3 a5 $146 ({Predecessor:} 11... Bf8 12. N2b3 g6 13. Bg5 h6 14. Be3 {1-0 (62) Nikolov,M (2559)-Andonovski,L (2293) Skopje 2016}) 12. N2b3 axb4 13. axb4 Rxa1 14. Nxa1 Bf8 15. Nac2 c6 16. Kh1 Ne5 17. Be3 c5 18. Nb3 {[%cal Bd4b3,Bb3d2,Bd2b1,Bb1a3,Ba3c2][%mdl 32]} b6 19. Nd2 g6 20. bxc5 bxc5 21. Na3 Nc6 22. Nb5 Be6 23. Nb1 Ne5 24. N1a3 Qb6 25. Bg5 Ned7 26. Nc2 h6 27. Bh4 Nh5 28. Qd2 Ne5 29. Nca3 g5 30. Bg3 Ra8 31. Bxe5 dxe5 32. g3 Nf6 33. Nb1 Ra1 34. Qb2 $36 {[%mdl 2048] White has good play.} Qa5 $2 (34... Ra4 $11) 35. N5a3 $1 $18 Rxa3 36. Qxa3 (36. Nxa3 $6 g4) 36... Qb4 37. Qxb4 cxb4 38. Nd2 g4 (38... Nd7 $142 39. Kg2 Kg7) 39. fxg4 Nxg4 40. Ra1 Nf2+ 41. Kg2 Bc5 42. g4 Be3 (42... Nxg4 $142 43. Bxg4 Bxg4) 43. Ra8+ Kg7 44. Rb8 $1 Kf6 45. Nf1 Bd4 {[#]} (45... Bc5 $16) 46. Ng3 $1 (46. Rxb4 $6 Nxe4 47. Ng3 Nd6) 46... Nxg4 (46... Kg5 $142 47. h3 (47. Rxb4 Nxg4 48. Bxg4 Kxg4 $18) 47... h5 48. h4+ (48. Rxb4 hxg4 49. hxg4 Nxg4 $16) (48. gxh5 Nxh3 49. Rxb4 Nf4+ 50. Kh2 Be3 $18) (48. Nxh5 Nxe4 49. Rxb4 Nc3 $18) 48... Kxh4) 47. Bxg4 ({Stronger than} 47. Rxb4 Ne3+ 48. Kh1 Kg5 $14) 47... Bxg4 48. Rxb4 {[%mdl 4096] Endgame KRN-KB} Kg5 49. Rb1 (49. Rb7 $142) 49... Be6 50. Rc1 {Threatens to win with c5.} Be3 51. Rc2 {aiming for c5.} Bc5 52. Ne2 f5 53. exf5 Kxf5 54. Ng3+ Kf4 55. Rc3 e4 {[#]} 56. Ne2+ ({White must play} 56. Rb3 $1 $16) 56... Ke5 $11 57. Kg3 e3 58. Kf3 h5 {White must now prevent ...Bg4+.} 59. Rxe3+ {Precision: White = 52%, Black = 51%.} 1/2-1/2

[Event "Top 12 FRA-chT 2017"]
[Site "Chartres"]
[Date "2017.05.20"]
[Round "3"]
[White "Bacrot, Etienne"]
[Black "Koziak, Vitali"]
[Result "1/2-1/2"]
[WhiteElo "2696"]
[BlackElo "2507"]
[Annotator "TA"]
[PlyCount "73"]
[EventDate "2017.??.??"]
[EventType "team-tourn"]
[EventCountry "FRA"]
[SourceTitle "playchess.com"]
[Source "ChessBase"]
[SourceQuality "1"]
[WhiteTeam "Bischwiller"]
[BlackTeam "Bois-Colombes"]

{[%evp 29,73,40,47,46,47,47,47,47,49,36,50,45,55,43,43,43,58,41,58,58,58,0,58,25,81,63,74,74,63,22,32,11,27,18,26,-7,0,-20,0,0,0,-20,-20,-34,-50,-33]} 1. e4 e5 2. Nf3 Nc6 3. Bb5 {[%cal Bf1b5,Bb5a4,Ba4b3][%mdl 32]} a6 4. Ba4 Nf6 5. O-O Be7 6. Re1 b5 7. Bb3 O-O 8. c3 d6 9. h3 Nb8 10. d4 Nbd7 11. Nbd2 {[%cal Bb1d2,Bd2f1,Bf1g3][%mdl 32]} Bb7 12. Bc2 Re8 13. Nf1 Bf8 14. Ng3 c5 15. d5 g6 16. b3 {C95: Closed Ruy Lopez: Breyer Variation with 10 d4} Qc7 17. c4 Bg7 18. Be3 {White is slightly better.} Bc8 $146 ({Predecessor:} 18... b4 19. Qd2 Kh8 20. a4 Bc8 21. Rf1 Rf8 22. Bh6 Bxh6 23. Qxh6 Ng8 24. Qe3 {½-½ (24) Penrose,J (2450)-Medina Garcia,A (2420) Vienna 1972}) 19. a4 b4 20. Qd2 Nf8 21. Rf1 h5 22. Rae1 N8h7 23. Nh1 Qe7 24. Qc1 Ra7 25. Re2 (25. Ng3 $14) 25... Qf8 ({Better is} 25... Qd8 $11) 26. Nh2 Qe7 {[#]} (26... h4 $11) 27. f4 $1 $16 exf4 28. Bxf4 Nd7 29. Nf3 Ne5 30. Ng5 Nf6 31. Qe1 Nh7 32. Qg3 Bh6 {[%cal Rh6g5]} 33. Nf3 (33. Nxf7 $5 Bxf4 34. Rxf4 $15) 33... Bxf4 34. Qxf4 Nxf3+ 35. Rxf3 Qe5 36. Qd2 Rae7 37. Nf2 {Precision: White = 42%, Black = 61%.} 1/2-1/2

[Event "Top 12 FRA-chT 2017"]
[Site "Chartres"]
[Date "2017.05.20"]
[Round "3"]
[White "Areshchenko, Alexander"]
[Black "Neiksans, Arturs"]
[Result "1/2-1/2"]
[WhiteElo "2677"]
[BlackElo "2599"]
[Annotator "TA"]
[PlyCount "47"]
[EventDate "2017.??.??"]
[EventType "team-tourn"]
[EventCountry "FRA"]
[SourceTitle "playchess.com"]
[Source "ChessBase"]
[SourceQuality "1"]
[WhiteTeam "Grasse Echecs"]
[BlackTeam "Saint Quentin"]

{[%evp 30,47,35,28,30,40,24,25,35,7,25,0,0,0,0,0,0,0,0,-22]} 1. e4 e5 2. Nf3 Nc6 3. Bb5 a6 4. Ba4 Nf6 5. O-O Be7 6. Re1 b5 7. Bb3 d6 8. c3 O-O 9. h3 Bb7 10. d4 Nd7 11. Nbd2 exd4 {C92: Closed Ruy Lopez: 9...Be6, Karpov and Flohr-Zaitsev Variations} 12. cxd4 Bf6 13. Nf1 Na5 14. Bc2 Re8 15. Rb1 (15. Ng3 g6 16. Rb1 c5 17. d5 Nc4 18. Nh2 Nde5 19. b3 {1-0 (40) Grischuk,A (2750)-Alekseenko,K (2585) Sochi 2017}) 15... c5 16. d5 {LiveBook: 25 Games} Nc4 17. b3 Nce5 18. N3h2 Ng6 19. Bd2 $146 ({Predecessor:} 19. Ne3) 19... Bg5 20. Ne3 Nf6 {The position is equal.} 21. Nf5 Bxd2 22. Qxd2 Bc8 23. Ng3 h5 24. Re3 1/2-1/2

[Event "Top 12 FRA-chT 2017"]
[Site "Chartres"]
[Date "2017.05.20"]
[Round "3"]
[White "Laznicka, Viktor"]
[Black "Ragger, Markus"]
[Result "0-1"]
[WhiteElo "2672"]
[BlackElo "2680"]
[Annotator "TA"]
[PlyCount "108"]
[EventDate "2017.??.??"]
[EventType "team-tourn"]
[EventCountry "FRA"]
[SourceTitle "playchess.com"]
[Source "ChessBase"]
[SourceQuality "1"]
[WhiteTeam "Bois-Colombes"]
[BlackTeam "Bischwiller"]

{[%evp 15,108,49,49,33,25,0,0,0,0,0,0,0,0,-18,-18,-12,-8,-25,0,-56,-53,-70,-12,-26,-11,-25,-23,-18,-28,-25,0,0,0,0,0,0,0,0,0,0,0,0,0,0,0,0,0,0,21,4,11,20,51,56,56,46,51,42,50,7,23,0,77,43,64,39,43,40,83,46,55,47,69,0,0,0,0,0,0,0,0,0,0,0,0,0,0,0,0,0,0,0,0,0,12848]} 1. d4 Nf6 2. c4 g6 3. Nf3 Bg7 4. e3 O-O 5. Be2 d5 (5... c5 6. d5 e6 7. Nc3 d6 8. O-O Re8 9. Nd2 Na6 10. e4 Nc7 11. Re1 b6 12. dxe6 Nxe6 13. Nf1 Nd4 14. f3 Nh5 15. Bd3 Be5 {1-0 (117) Nakamura,H (2787)-Caruana,F (2804) Leuven 2016}) 6. cxd5 {E60: King's Indian: Unusual lines and Fianchetto Variation without Nc3} Nxd5 7. O-O Nb6 8. Nc3 Nc6 {LiveBook: 3 Games} 9. h3 a5 10. Qd2 $146 ({Predecessor:} 10. Re1 a4 11. Bb5 a3 12. bxa3 e5 13. Bxc6 exd4 14. exd4 bxc6 15. Bg5 f6 16. Qb3+ Kh8 17. Bf4 Bf5 18. Ne4 Nd5 19. Bg3 Bxe4 {½-½ (19) Shengelia,D (2547)-Rustemov,A (2520) Germany 2009}) 10... e5 {[%cal Re5d4]} 11. d5 Nb4 {[%cal Rb6d5]} 12. e4 f5 13. Ng5 fxe4 14. Ne6 Bxe6 15. dxe6 Qe7 16. Nxe4 Qxe6 17. Bg4 (17. Qc3 $11) 17... Qc6 $1 $15 {[%cal Rc6e4]} 18. Ng5 Rae8 (18... h6 $15 19. Bf3 Qe8) 19. Qc3 $1 $11 h6 20. Qxc6 Nxc6 21. Ne6 Rf7 22. Be3 $1 Nc4 23. Rac1 Nxe3 24. fxe3 Rxf1+ 25. Kxf1 h5 26. Nxg7 Kxg7 {[%mdl 4096] Endgame KRB-KRN} 27. Bd7 Rf8+ 28. Ke2 Nb8 29. Ba4 $1 c6 30. Rc5 b5 {[#] ...Nd7 is the strong threat.} 31. Bc2 Kf6 32. a4 bxa4 33. Rxa5 Rf7 34. Rxa4 Rb7 35. b3 g5 36. Ra1 Ke6 37. Bd3 Kd6 38. Bc4 (38. Rd1 $5 {[%cal Rd3a6]} Kc5 39. Bg6 $14) 38... Rg7 (38... Nd7 $11 {keeps the balance.}) 39. Rd1+ Ke7 40. Rf1 Nd7 41. Rf5 Rg6 42. Rf7+ Kd6 43. Bd3 Re6 44. Bf5 ({Better is} 44. Be4 $14) 44... Re7 {The position is equal.} 45. Rxe7 Kxe7 46. Bxd7 Kxd7 {KP-KP} 47. Kd3 {[#] aiming for e4.} c5 $1 48. Ke4 Ke6 49. g3 (49. g4 $5 {[%cal Rg4h5]} h4 50. Kd3 $11) 49... g4 $1 {[%cal Rg4h3]} 50. hxg4 hxg4 51. Kd3 Kd5 52. e4+ Kd6 $1 53. Kc3 Kc7 54. Kc4 Kd6 $2 {[%mdl 40960] Precision: White = 69%, Black = 67%. . Sensor Board Error (Ke4/e5)?} (54... Kc6 $11 55. b4 cxb4 56. Kxb4 Kb6) 0-1

[Event "Top 12 FRA-chT 2017"]
[Site "Chartres"]
[Date "2017.05.20"]
[Round "3"]
[White "Edouard, Romain"]
[Black "Dionisi, Thomas"]
[Result "1-0"]
[WhiteElo "2640"]
[BlackElo "2392"]
[Annotator "TA"]
[PlyCount "71"]
[EventDate "2017.??.??"]
[EventType "team-tourn"]
[EventCountry "FRA"]
[SourceTitle "playchess.com"]
[Source "ChessBase"]
[SourceQuality "1"]
[WhiteTeam "Bischwiller"]
[BlackTeam "Bois-Colombes"]

{[%evp 14,71,4,0,38,34,49,16,14,16,28,36,61,70,79,70,98,31,25,33,57,51,107,56,56,38,46,24,79,75,74,71,135,71,137,120,174,161,137,125,144,0,189,133,133,87,503,510,591,564,1397,679,862,861,855,845,825,804,741,745]} 1. d4 f5 2. Bg5 g6 3. Nc3 Bg7 4. h4 h6 (4... Nc6 5. Nf3 h6 6. Bf4 Nf6 7. d5 e5 8. Bxe5 Nxe5 9. Nxe5 Ne4 10. Nxe4 fxe4 11. Nxg6 Bxb2 12. e3 {0-1 (35) Wagner,D (2575)-Vallejo Pons,F (2684) Berlin 2015}) 5. Bf4 Nf6 6. e3 {A80: Dutch Defence: Unusual White second moves} d6 7. Qf3 O-O 8. Bc4+ {LiveBook: 10 Games. The position is equal.} Kh7 9. Nh3 {Ng5+! is the strong threat.} Qe8 $1 10. Bg5 $146 (10. Ng5+ $5 Kh8 11. Ne6 Bxe6 12. Bxe6 $11) ({Predecessor:} 10. Ng5+ hxg5 11. hxg5+ {1-0 (41) Baron,T (2513)-Basso,P (2304) Skopje 2014}) 10... c6 11. Bxf6 Bxf6 12. Ng5+ Kg7 13. Ne6+ Bxe6 $1 14. Bxe6 Na6 15. g4 (15. Ne2 $16) 15... Nc7 $14 16. Bb3 fxg4 17. Qxg4 h5 ({Better is} 17... e5 $14) 18. Qg2 (18. Qg3 $16) 18... e5 19. Ne4 $36 {[%mdl 2048] White is more active.} d5 20. Ng3 {Hoping for Nxh5+.} Kh6 {[#]} (20... Kh7 $11 {remains equal.} 21. dxe5 Bxe5) 21. dxe5 $1 $16 Qxe5 22. c3 b5 {[#]} (22... Rg8 $142) 23. Ne2 (23. Bc2 $142 $1) 23... Rg8 (23... Qe4 $142 24. Qxe4 dxe4) 24. Bc2 Ne6 (24... b4 $16) 25. Rh3 {[%cal Bh1h3,Bh3g3,Bg3g5][%mdl 32]} b4 26. O-O-O bxc3 27. bxc3 ({White should play} 27. f4 $16 cxb2+ 28. Kb1) 27... Rab8 $2 (27... Nc5 $1 $11) 28. Rg1 (28. Rg3 $18 {[%cal Rg3g6]} Nf8 29. Nd4) 28... Nf8 29. Rg3 {And now Nd4 would win.} Qe8 $2 {[%mdl 8192]} (29... Rg7 $16) 30. Qf3 $18 {White is clearly winning.} Be5 31. Rg5 Qe6 32. Bxg6 (32. Nf4 $142 Bxf4 33. Qxf4) 32... Rxg6 33. Qxh5+ Kg7 34. Rxg6+ ({Less strong is} 34. Rxe5 Qd6 $16) 34... Nxg6 {[#]} 35. Rxg6+ $1 {[%mdl 512]} Qxg6 36. Qxe5+ {Precision: White = 52%, Black = 31%.} 1-0

[Event "Top 12 FRA-chT 2017"]
[Site "Chartres"]
[Date "2017.05.20"]
[Round "3"]
[White "Kuzubov, Yuriy"]
[Black "Marcelin, Cyril"]
[Result "1-0"]
[WhiteElo "2637"]
[BlackElo "2472"]
[Annotator "TA"]
[PlyCount "51"]
[EventDate "2017.??.??"]
[EventType "team-tourn"]
[EventCountry "FRA"]
[SourceTitle "playchess.com"]
[Source "ChessBase"]
[SourceQuality "1"]
[WhiteTeam "Grasse Echecs"]
[BlackTeam "Saint Quentin"]

{[%evp 19,51,6,12,12,57,56,51,44,46,50,80,34,112,124,127,100,121,124,208,233,243,166,332,319,363,377,605,631,716,714,699,667,1758,1712]} 1. c4 g6 2. d4 Bg7 3. Nc3 c5 4. d5 Bxc3+ 5. bxc3 f5 6. Nf3 Nf6 7. g3 {A40: Unusual replies to 1 d4} Qa5 8. Nd2 d6 9. Bg2 Nbd7 10. O-O Nb6 {LiveBook: 4 Games} 11. Re1 Rf8 (11... Bd7 12. e4 O-O-O 13. e5 dxe5 14. Nb3 {1-0 (38) Kuzubov,Y (2651)-Shtembuliak,E (2478) Rivne 2016}) 12. e4 fxe4 13. Nxe4 Nxe4 14. Bxe4 $146 {Hoping for Bg5.} ({Predecessor:} 14. Rxe4) 14... Rf7 15. Bf4 {Black must now prevent Bxd6!} Rxf4 (15... Kd8 $14) 16. gxf4 $40 {[%mdl 128] Qe2 is the strong threat. White is out for blood.} Qxc3 {[#]} 17. Qe2 $1 {Intending Bxg6+! and mate.} Qg7 18. a4 a5 (18... Bd7 $16 19. a5 Nc8) 19. Ra3 $18 {[%cal Ba1a3,Ba3b3,Bb3b6][%mdl 32]} Bd7 20. Bc2 Kd8 $2 {[#]} (20... Qf6 21. Rb1 Qxf4) 21. Rb1 $1 {[%cal Rb1b6]} Kc7 22. Rab3 Ra6 $2 (22... Nc8 23. Rxb7+ Kd8) 23. Qe1 {White is clearly winning.} g5 {[#]} 24. Rxb6 $1 {[%mdl 512]} gxf4+ (24... Rxb6 25. Qxa5) 25. Kh1 Rxb6 26. Qxa5 {Precision: White = 88%, Black = 15%.} 1-0

[Event "Top 12 FRA-chT 2017"]
[Site "Chartres"]
[Date "2017.05.20"]
[Round "3"]
[White "Stevic, Hrvoje"]
[Black "Donchenko, Alexander"]
[Result "0-1"]
[WhiteElo "2600"]
[BlackElo "2563"]
[Annotator "TA"]
[PlyCount "106"]
[EventDate "2017.??.??"]
[EventType "team-tourn"]
[EventCountry "FRA"]
[SourceTitle "playchess.com"]
[Source "ChessBase"]
[SourceQuality "1"]
[WhiteTeam "Nice Alekhine"]
[BlackTeam "Vandoeuvre"]

{[%evp 16,106,0,4,9,0,0,0,0,0,0,0,0,0,0,0,3,0,10,27,24,17,4,12,21,7,0,0,14,0,0,0,0,0,10,14,20,22,16,20,20,22,22,0,0,0,0,0,0,0,0,0,0,0,16,0,0,0,0,0,0,0,0,0,0,0,0,0,0,0,0,-10,0,0,0,0,0,-12,0,-332,-309,-496,-501,-653,-640,-653,-651,-652,-645,-601,-596,-822,-806]} 1. e4 c6 2. d4 d5 3. Nc3 dxe4 4. Nxe4 Bf5 5. Ng3 Bg6 6. Nh3 Nf6 7. Nf4 e5 8. dxe5 {B18: Classical Caro-Kann: 4...Bf5 sidelines} Qa5+ 9. c3 {LiveBook: 50 Games} Qxe5+ 10. Be2 {[%cal Bf1e2,Be2d3,Bd3f5][%mdl 32] The position is equal.} (10. Qe2 Nbd7 11. Nxg6 hxg6 12. Bf4 Qxe2+ 13. Bxe2 Bc5 14. Bf3 O-O-O 15. O-O Nd5 16. Bxd5 cxd5 {½-½ (51) Svidler,P (2727)-Giri,A (2793) Baku 2015}) 10... Nbd7 {[%cal Bb8d7,Bd7b6,Bb6d5,Bd5f4][%mdl 32]} 11. O-O O-O-O 12. Qa4 Bc5 13. Nd3 Bxd3 $1 14. Bxd3 {[#] aiming for Bf4.} Nb6 15. Qc2 Nbd5 {[#]} 16. Bd2 $146 Nf4 17. Bf5+ Kb8 18. b4 Bd6 19. Rfe1 Qd5 {[%csl Gf4][%cal Rd5g2] [#]} 20. Bxf4 Bxf4 21. Rad1 Qb5 22. a4 Rxd1 23. Rxd1 Qe5 24. Nf1 g6 25. Bh3 Nd5 26. Rd3 Bh6 27. g3 Re8 28. b5 cxb5 29. axb5 Nb6 30. Qd1 f5 31. Rd8+ Kc7 32. Rxe8 Qxe8 33. Qd4 Qe7 34. Bg2 Kc8 (34... Bg7 $5 {[%cal Rg7d4]} 35. Qd1 Qe6 $11) 35. Qh8+ Bf8 36. Qg8 Qg7 37. Qe6+ Qd7 38. Qg8 Qg7 39. Qa2 Kb8 40. h4 Bc5 41. Qe6 (41. h5 $5) 41... Qe7 42. Qg8+ Kc7 43. Qa2 (43. h5 $5) 43... Nc8 44. Qd5 Kb6 45. Nd2 {Strongly threatening Nc4+.} Nd6 46. Kf1 $1 Qg7 $36 {[%mdl 2048] Black has some pressure.} (46... Qf6 $5 {[%cal Rf6c3]} 47. Nc4+ Nxc4 48. Qxc4 f4 $11) 47. Qe6 $2 {[%mdl 8192]} (47. Qd3 $11 {and White is okay.}) 47... Qxc3 $19 48. Nb3 $2 (48. Nf3 {is a better defense.}) 48... Qc2 {[%csl Gc5][%cal Rc2f2] Black is clearly winning.} 49. Nxc5 Qd1+ ({Not} 49... Qxc5 50. Kg1 $15) 50. Qe1 Qxe1+ 51. Kxe1 {Threatens to win with Nd7+.} Kxc5 52. Kd2 b6 53. Ke3 Nxb5 {Precision: White = 64%, Black = 77%.} 0-1